| 000 | 00365nam a2200157Ia 4500 | ||
|---|---|---|---|
| 008 | 230711s9999||||xx |||||||||||||| ||und|| | ||
| 041 | _aENG | ||
| 082 |
_a720 _bCA-C |
||
| 100 | _aKostof.Spiro | ||
| 245 | 4 | _aThe city assembled | |
| 250 | _a1st . Ed. | ||
| 260 |
_c1999 _aNew York _bLittle Brown |
||
| 650 | _aArchitecture | ||
| 700 | _aCastillo,Greg | ||
| 942 | _cBK | ||
| 999 |
_c4191 _d4191 |
||